ბათუმის შოთა რუსთაველის სახელმწიფო უნივერსიტეტის ბიბლიოთეკა

გარდამავალი ეკონომიკის ქვეყნები და ევროპული ინტეგრაცია : (ბიბ.ჩანაწერი № 34660)

000 -ლიდერი
ფიქსირებული სიგრძის საკონტროლო ველი 01307nam a2200253Ia 4500
001 - საკონტროლო ნომერი
საკონტროლო ველი 437
003 - საკონტროლო ნომრის იდენტიფიკატორი
საკონტროლო ველი GE_BSU
005 - ბოლო ოპერაციის თარიღი და დრო
საკონტროლო ველი 20200131093200.0
008 - ფიქსირებული სიგრძის მონაცემთა ელემენტები - ზოგადი ინფორმაცია
ფიქსირებული სიგრძის საკონტროლო ველი 181216s2005||||ge |||||||||||||| ||geo||
020 ## - წიგნის საერთაშორისო სტანდარტული ნომერი
International Standard Book Number 9992804513
040 ## - კატალოგიზაციის წყარო
Transcribing agency GE_BSU
080 ## - უნივერსალური ათობითი კლასიფიკაციის ინდექსი
Universal Decimal Classification number 339.1(075.8) გ–85
100 ## - მთავარი ჩანაწერი - პიროვნების სახელი
Personal name გრიშიკაშვილი, ამბროსი
9 (RLIN) 774
245 ## - ცნობა სათაურის შესახებ
Title გარდამავალი ეკონომიკის ქვეყნები და ევროპული ინტეგრაცია :
Remainder of title დამხმ. სახელმძღვ. /
Statement of responsibility, etc ამბროსი გრიშიკაშვილი; რედ.: თეიმურაზ ბერიძე.
264 ## - წარმოების, გამოცემის, დისტრიბუციის და სხვა ცნობები
გამოცემის, წარმოების, დისტრიბუციის... ადგილი თბილისი :
გამოცემის, წარმოების, დისტრიბუციის... თარიღი 2005.
300 ## - ფიზიკური აღწერა
Extent 518 გვ.;
Other physical details ცხრ. ;
Dimensions 20სმ.
504 ## - BIBLIOGRAPHY, ETC. NOTE
Bibliography, etc ბიბლიოგრ. ტექსტ. შენიშვნ.
520 ## - SUMMARY, ETC.
Summary, etc რეზ. ინგლ. ენ..
653 ## - INDEX TERM--UNCONTROLLED
Uncontrolled term განვითარებადი ქვეყნების ეკონომიკა
653 ## - INDEX TERM--UNCONTROLLED
Uncontrolled term გარდამავალი ეკონომიკა
653 ## - INDEX TERM--UNCONTROLLED
Uncontrolled term ეკონომიკური ინტეგრაცია
700 ## - ADDED ENTRY--PERSONAL NAME
Personal name ბერიძე, თეიმურაზ
Relator term რედაქტორი
9 (RLIN) 5931
942 ## - ADDED ENTRY ELEMENTS (KOHA)
Koha item type წიგნი
Source of classification or shelving scheme
ეგზემპლარები
ჩამოწერის სტატუსი დაკარგული ეგზემპლარის სტატუსი კლასიფიკაციის წყარო ან თაროზე გაწყობის სქემა დაზიანების სტატუსი არ გაიცემა მუდმივი მდებარეობა (დაცვის ადგილი) ამჟამინდელი ადგილსამყოფელი თაროზე განთავსების ადგილი შეძენის თარიღი ღირებულება, შესყიდვის ნორმალური ფასი სრული შენახვის შიფრი შტრიხკოდი ბოლო ოპერაციის თარიღი ეგზემპლარის მიმდევრობითი ნომერი (კეტერი?) ფასის ძალაში შესვლის თარიღი ეგზემპლარის სახეობა საჯარო შენიშვნა
          ბათუმის შოთა რუსთაველის სახელმწიფო უნივერსიტეტის მთავარი ბიბლიოთეკა ბათუმის შოთა რუსთაველის სახელმწიფო უნივერსიტეტის მთავარი ბიბლიოთეკა წიგნსაცავი 2018-12-17 15.00 339.1(075.8) გ–85 1083 2018-12-17 1083 2018-12-17 წიგნი 15 ლ.
          ბათუმის შოთა რუსთაველის სახელმწიფო უნივერსიტეტის მთავარი ბიბლიოთეკა ბათუმის შოთა რუსთაველის სახელმწიფო უნივერსიტეტის მთავარი ბიბლიოთეკა წიგნსაცავი 2026-03-17 18.00 339.1(075.8) გ–85 73990 2026-03-17 73990 2026-03-17 წიგნი 18.00